[Event "Reunion op 16th"]
[Site "St Denis"]
[Date "2014.10.20"]
[Round "4"]
[White "Romain, Juliane"]
[Black "Caminade, Lionel"]
[Result "1-0"]
[WhiteElo "1412"]
[BlackElo "1240"]
[PlyCount "89"]
[EventDate "2014.10.18"]
[EventType "swiss"]
[EventRounds "9"]
[EventCountry "RUF"]
[SourceTitle "EXT 2015"]
[Source "ChessBase"]
[SourceDate "2014.11.20"]
[SourceVersion "1"]
[SourceVersionDate "2014.11.20"]
[SourceQuality "1"]

1. e4 c6 2. d4 d5 3. Nc3 dxe4 4. Nxe4 Bf5 5. Ng3 Bg6 6. Nf3 Nd7 7. Bc4 h6 8. 0-0 e6 9. Bf4 Be7 10. Qe2 Qb6 11. c3 Ngf6 12. Rfe1 Nd5 13. Be5 0-0 14. Bb3 Nc7 15. Bxc7 Qxc7 16. Bxe6 Rae8 17. Bxd7 Qxd7 18. Ne5 Qd5 19. Qg4 h5 20. Nxh5 Rd8 21. Nxg6 fxg6 22. Rxe7 Qxh5 23. Qxh5 gxh5 24. Rxb7 Rf7 25. Rxf7 Kxf7 26. Re1 Rb8 27. b3 Re8 28. Re5 g6 29. c4 a5 30. Rxa5 Rd8 31. d5 cxd5 32. Rxd5 Re8 33. h4 Re1+ 34. Kh2 Ra1 35. a4 Rb1 36. Rd3 Kf6 37. c5 Kf5 38. c6 Ke4 39. Re3+ Kd5 40. c7 Rc1 41. Re7 Kd6 42. Rg7 Rxc7 43. Rxc7 Kxc7 44. Kg3 Kc6 45. Kf4 1-0